000 00379nam a2200121Ia 4500
008 220204s9999 xx 000 0 und d
082 _a547.963.32
_bTOW
100 _aTipson, R Stuart
245 0 _aNucleic acid chemistry: Improved and new synthetic procedures, methods, and techniques. Pt 2
260 _aNew York
_bJohn Wiley
_c1978
700 _aTownsend, Leroy B
942 _cBK
999 _c32368
_d32368